At Bangabhaban : (Record no. 25158)

MARC details
000 -LEADER
fixed length control field 01201cam a2200325 a 4500
001 - CONTROL NUMBER
control field 4848007
003 - CONTROL NUMBER IDENTIFIER
control field BDDh-ASL
005 - DATE AND TIME OF LATEST TRANSACTION
control field 20231015030444.0
008 - FIXED-LENGTH DATA ELEMENTS--GENERAL INFORMATION
fixed length control field 910726s1988 bg a 001 0beng
010 ## - LIBRARY OF CONGRESS CONTROL NUMBER
LC control number 90905782
020 ## - INTERNATIONAL STANDARD BOOK NUMBER
Terms of availability Tk125.00 ($5.00 U.S.)
025 ## - OVERSEAS ACQUISITION NUMBER
Overseas acquisition number B E 5578
040 ## - CATALOGING SOURCE
Original cataloging agency DLC
Transcribing agency DLC
Modifying agency DLC
-- BDDh-ASL
043 ## - GEOGRAPHIC AREA CODE
Geographic area code a-bg---
050 00 - LIBRARY OF CONGRESS CALL NUMBER
Classification number DS395.7.S29
Item number A3 1988
082 00 - DEWEY DECIMAL CLASSIFICATION NUMBER
Classification number 954.9205
Edition number 20
Item number SAA
100 1# - MAIN ENTRY--PERSONAL NAME
Personal name Sayem, Abusadat Mohammad,
Dates associated with a name 1916-1997.
245 10 - TITLE STATEMENT
Title At Bangabhaban :
Remainder of title last phase /
Statement of responsibility, etc. Abusadat Mohammad Sayem.
250 ## - EDITION STATEMENT
Edition statement 1st ed.
260 ## - PUBLICATION, DISTRIBUTION, ETC.
Place of publication, distribution, etc. Dhaka :
Name of publisher, distributor, etc. Hakkani Publishers,
Date of publication, distribution, etc. 1988.
300 ## - PHYSICAL DESCRIPTION
Extent viii, 120 p. :
Other physical details ill. ;
Dimensions 19 cm.
500 ## - GENERAL NOTE
General note Memoirs of a former president of Bangladesh on the constitutional powers of the president, and the political developments during 1977-1978 which led to his resignation from office.
500 ## - GENERAL NOTE
General note Includes index.
600 10 - SUBJECT ADDED ENTRY--PERSONAL NAME
Personal name Sayem, Abusadat Mohammad,
Dates associated with a name 1916-1997.
650 #0 - SUBJECT ADDED ENTRY--TOPICAL TERM
Topical term or geographic name entry element Presidents
Geographic subdivision Bangladesh
General subdivision Biography.
651 #0 - SUBJECT ADDED ENTRY--GEOGRAPHIC NAME
Geographic name Bangladesh
General subdivision Politics and government
Chronological subdivision 1971-
906 ## - LOCAL DATA ELEMENT F, LDF (RLIN)
a 7
b cbc
c orignew
d 3
e ncip
f 19
g y-gencatlg
942 ## - ADDED ENTRY ELEMENTS (KOHA)
Source of classification or shelving scheme Dewey Decimal Classification
Koha item type Books
Holdings
Withdrawn status Lost status Source of classification or shelving scheme Damaged status Not for loan Collection code Home library Current library Shelving location Date acquired Source of acquisition Total Checkouts Full call number Barcode Date last seen Price effective from Koha item type Copy number Public note
    Dewey Decimal Classification Damaged   Non-fiction Asiatic Society Library Asiatic Society Library General Stacks 06/23/2021 Complimentary   954.9205 SAA 109874 06/23/2021 06/23/2021 Books    
    Dewey Decimal Classification     Non-fiction Asiatic Society Library Asiatic Society Library General Stacks 06/25/2023 ASB Library Collection   954.9205 SAA 124705 06/25/2023 06/25/2023 Books C-2 Y-1988
    Dewey Decimal Classification     Non-fiction Asiatic Society Library Asiatic Society Library General Stacks 06/25/2023 ASB Library Collection   954.9205 SAA 124706 06/25/2023 06/25/2023 Books C-3 Y-1988

Powered by Koha